| 000 | 00647nam a2200193 i 4500 | ||
|---|---|---|---|
| 001 | 143869 | ||
| 003 | ES-MaACL | ||
| 005 | 20250716062531.0 | ||
| 007 | t| | ||
| 008 | 070214q1918 sp |||| | cat d | ||
| 100 | 1 |
_aShakespeare, William, _d1564-1616 _9105992 |
|
| 245 | 1 | 0 |
_aCoriolá / _cWilliam Shakespeare ; traducció de Magí Morera i Galicia ; ornamentació de Joan d'Ivori [seud. de Juan Vila]. |
| 260 |
_aBarcelona : _bIlustració Catalana, _c[1918?] |
||
| 300 |
_a191 p. ; _c18 cm. |
||
| 700 | 1 |
_aMorera i Galícia, Magí. _983461 |
|
| 700 | 1 |
_aVila, Joan, _d1890-1947 _9114693 |
|
| 852 |
_aES-MaACL _jC-20331 |
||
| 999 |
_c143869 _d143869 |
||